| 000 | 00397nam a2200145Ia 4500 | ||
|---|---|---|---|
| 005 | 20260328104336.0 | ||
| 008 | 260328s9999||||xx |||||||||||||| ||und|| | ||
| 100 | _aÁngel, Marcela | ||
| 245 | 0 |
_aLa Ciudad Región : _b El Paisaje Intermedio. Casos de Estudio / _cMarcela Ángel |
|
| 250 | _a1a ed. | ||
| 260 | _bUniversidad de los Andes | ||
| 300 | _a176 p. | ||
| 650 | _aURBANISMO | ||
| 942 | _cBK | ||
| 999 |
_c11893 _d11893 |
||